000 01488 a2200229 4500
003 UA-OsUOA
005 20210601122910.0
008 210512b un ||||| |||| 00| 0 ukr d
040 _aUA-OsUOA
_bukr
_cUA-OsUOA
_dUA-OsUOA
041 _arus
080 _a821.161.1
090 _a821.161.1
_bГ96
100 _aГусаров В.
245 _aСредоточие
_cВиктор Гусаров
260 _c1995
_bОПМП ХАЭС
300 _a64 с.
520 _aВ произведениях В. Гусарова ведущими являются поэтическое настроение в совокупности с логичностью мысли, прекрасная образность. Его стихи музыкальны. Они не шокируют новизной формы, автор изьясняется просто без позы и манерничания. Предрекаю хорошее будущее его творениям, поскольку В. Гусаров высоко требователен к себе, обладает неповторимым, исключительно чистым поэтическим голосом.
650 _2UDC
_a821 Художня література окремими мовами і мовними сім'ями
942 _cBK
_2udc
955 _a3
999 _c570510
_d570510